| 000 | 01124njm a22002897a 4500 | ||
|---|---|---|---|
| 005 | 20100913100347.0 | ||
| 007 | sd ammalaaahaa | ||
| 008 | 100913t xxu||||| |||| 00| 0 hin d | ||
| 028 |
_a2392 195 _bHis Master's Voice |
||
| 035 | _aGR-03137 | ||
| 040 | _aSED/VEN | ||
| 100 |
_919606 _aKishore Kumar |
||
| 245 |
_aQurbani / _cby Kishore Kumar ; music by Kalyanji Anandji ; lyric by Farooq Kaiser _h[sound recording] : |
||
| 246 | _aक़ुरबानी (किशोर कुमार) | ||
| 260 |
_aDum Dum, India _bHis Master's Voice _c1979 |
||
| 300 |
_a1 sound disc [Gramophone record] : _banalog, 33. 1/3 rpm _c12 in. (LP) _fGramophone record |
||
| 500 | _aBrief record. | ||
| 500 | _aHis Master's Voice | ||
| 500 | _aOrange | ||
| 505 | _aPart 1 Qurbani qurbani (Qurbani) (Kishore Kumar) Part 2 Laila o laila (Amit Kumar) | ||
| 650 |
_aClassical music _xExcerpts _zIndia _919607 _vFilmi song |
||
| 700 |
_920331 _aAmit Kumar |
||
| 700 |
_a Kalyanji Anandji _920518 |
||
| 700 |
_aFarooq Kaiser _920519 |
||
| 942 |
_2ddc _cGR |
||
| 999 |
_c46487 _d46487 |
||